1301 1309 1586 1595 1807 1727 1475 1125 1030 1765 1885 1578 1740 1439 1535 1314 1320 1066 1949 1519 1569 1120 1865 1414 1672 1093 1705 1277 1632 1618 1973 1003 1555 1200 1731 1258 1966 1345 1625 1725 1938 1854 1490 1085 1848 1289 1635 1113 1363 1693 1032 1393 1331 1828 1497 1253 1371 1075 1238 1984 1865 1906 1566 1690 1333 1021 1334 1363 1153 1621 1744 1084 1981 1978 1321 1303 1233 1686 1229 1728 1757 1928 1164 1757 1482 1969 1251 1341 1212 1449 1279 1719 1963 1312 1779 1753 1790 1628 1972 BCNSPRNW ULIB Ver.6.0+V

เปลี่ยนเป็นภาษาไทย

Change to English
 แสดงรายละเอียดบรรณานุกรม
  กลับหน้าหลัก

Brief Record : Get Marc (ISO 2709) : E-mail record : QR code < ปิดหน้าต่าง
LEADER : 00000nam 2200000uu 4500
001    13399123973
003     ULIB
008    141217s2556||||th 000 0 tha d
020    ^a9786165154000
060 04 ^aWH600^bห177ถ
100 0  ^aหมอไพร
245 10 ^aถนอมม้าม ยับยั้งสารพัดโรค /^cหมอไพร
250    ^aพิมพ์ครั้งที่ 1
260    ^aกรุงเทพฯ :^bเนชั่น อินเตอร์เนชั่นแนล เอ็ดดูเทนเมนท์,^c2556
300    ^a193 หน้า :^bภาพประกอบ ;^c21 ซม.
505 0  ^a^tรู้จักกระเพาะและม้าม - -^tสาเหตุที่ทำให้กระเพาะม้ามเกิดโรค - -^tม้ามเสื่อมก่อโรค - -^tประตูทวารของม้ามคือปาก - -^tโรคที่เกิดจากกระเพาะอาหาร - -^tแนวทางในการรักษาและสมุนไพรช่วยรักษาโรคกระเพาะม้าม
650  4 ^aการแพทย์แผนโบราณ^zจีน
650  4 ^aม้าม^xการดูแลและสุขวิทยา
650  4 ^aม้าม^xโรค^xการรักษา
700 0  ^aจิราวรรณ นันทพงศ์,^eบรรณาธิการ
945    ^p175^l0^i037367
945    ^p175^l0^i037368
945    ^p175^l0^i037369
999    ^aเกษร โพธิ์สุวรรณ
รายการนี้ยังไม่มีแท็ก
คุณยังไม่ได้ล็อกอิน คุณสามารถมีกิจกรรมร่วมกับเว็บไซต์ได้ แต่ต้องล็อกอินก่อน ::
  ล็อกอิน

รายการสื่อสารสนเทศ

ลำดับที่ ประเภท เลขเรียก/บาร์โค้ด สถานที่ สถานะ
1. วิทยาศาสตร์การแพทย์ และสุขภาพ
หนังสือสำรอง
สถานะ=หนังสือสำรอง
WH600 ห177ถ ฉ.1 
  Barcode: 037367
ห้องสมุดวิทยาเขตสวรรค์ประชารักษ์
►ส่วนจัดเก็บหนังสือเก่า สปร
บนชั้น
  ขอยืม
2. วิทยาศาสตร์การแพทย์ และสุขภาพ
วิทยาศาสตร์การแพทย์ และสุขภาพ
WH600 ห177ถ ฉ.2 
  Barcode: 037368
ห้องสมุดวิทยาเขตสวรรค์ประชารักษ์
►ส่วนจัดเก็บหนังสือเก่า สปร
บนชั้น
  ขอยืม
3. วิทยาศาสตร์การแพทย์ และสุขภาพ
วิทยาศาสตร์การแพทย์ และสุขภาพ
WH600 ห177ถ ฉ.3 
  Barcode: 037369
ห้องสมุดวิทยาเขตสวรรค์ประชารักษ์
►หนังสือทั่วไป
บนชั้น

รายการใกล้เคียง
    ผู้แต่ง [หมอไพร]

BibComment


ยังไม่เคยถูกคอมเมนท์

คอมเมนท์ทรัพยากรรายการนี้
  คอมเมนท์: ถนอมม้าม ยับยั้ง..


 Copyright 2026. Bcnsprnw @Library